Poetica matematica /

Guardado en:
Autor Principal: Marcus, Solomon.
Formato: Libro
Idioma:Romanian
Publicado: Bucuresti : Editura Academiei Republicii Socialiste România, 1970.
Etiquetas: Agregar Etiqueta
Sin Etiquetas, Sea el primero en etiquetar este registro!
LEADER 01111nam a22001935i 4500
001 MAT.inmabb001938
008 791109s1970####rm#a#####b####001#0#rum#d
005 20130318093400.0
245 1 0 |a Poetica matematica /  |c Solomon Marcus. 
260 |a Bucuresti :  |b Editura Academiei Republicii Socialiste România,  |c 1970. 
300 |a 400 p., [1] h. pleg. :  |b il. ;  |c 22 cm. 
505 8 |a Capítulos: I. Preliminaries -- II. Oppositions between the scientific language and the poetic language -- III. A purely denotative language : the mathematical language -- IV. The mathematical model of the opposition between the poetic language and the scientific language -- V. The poetic figures -- VI. Probabilistic and informational aspects of poetic language -- VII. Comparative analysis of poetic texts -- VIII. Mathematical methods in the study of the theatre. 
546 |a Resumen en inglés; tabla de contenidos en rumano e inglés. 
504 |a Incluye bibliografías e índice. 
100 1 |a Marcus, Solomon. 
084 |a 91F20  |2 msc2000 
010 |a  76524813  
041 0 |a rum  |b eng 
859 |h 91  |i M322p  |p A-3498  |b BIB. MATEMATICA